Surroggacy : (Record no. 173057)

MARC details
000 -LEADER
fixed length control field 00593nam a22001937a 4500
005 - DATE AND TIME OF LATEST TRANSACTION
control field 20200218113418.0
010 ## - LCCN (DPL NO)
LC control number ENG-127894
020 ## - INTERNATIONAL STANDARD BOOK NUMBER
Terms of availability 325.00
International Standard Book Number 9780199492794
035 ## - SYSTEM CONTROL NUMBER
System control number EN-111426
037 ## - SOURCE OF ACQUISITION
Source of stock number/acquisition DBAD/PUB
082 ## - DEWEY DECIMAL CLASSIFICATION NUMBER
Classification number 306.87430954
100 ## - MAIN ENTRY--PERSONAL NAME
Personal name Majumdar, Anindita
245 ## - TITLE STATEMENT
Title Surroggacy :
Statement of responsibility, etc by Anindita Majumdar
260 ## - PUBLICATION, DISTRIBUTION, ETC. (IMPRINT)
Place of publication, distribution, etc New Delhi
Date of publication, distribution, etc 2019
Name of publisher, distributor, etc Oxford University Press
270 ## - ADDRESS
Address 2/11 Ground Floor,Ansari Road,Dariyaganj
Postal code 110002
City New Delhi
300 ## - PHYSICAL DESCRIPTION
Extent 144p.
Other physical details 19(hb)
500 ## - GENERAL NOTE
General note includes bibliographical references and index<br/>
942 ## - ADDED ENTRY ELEMENTS (KOHA)
Source of classification or shelving scheme Dewey Decimal Classification
Item type English Books
Classification part MAJ
Call number prefix 306.87430954
Holdings
Withdrawn status Lost status Not for loan Collection code Home library Current library Date acquired Source of acquisition Cost, normal purchase price Full call number Barcode Copy number Cost, replacement price Koha item type
      Non-fiction Central Library Central Library 18/02/2020 DBAD/PUB 325.00 MAJ EN-111426 1 325.00 English Books

© Delhi Public Library
Hit Counter
free hit counter